000 01079nam2a22002291 4500
001 rc\601620
005 20250621231353.0
035 _a(NLR Aleph) 005971223
090 _a6937450
_c6937450
100 _a20031121d1986 |||y0rusy50 ca
101 0 _arus
102 _aRU
105 _aa |||||||||
200 1 _aˆ[‰Оплот
_eРоман
_fПер. Е. Калашниковой]
210 _d1986
_aБ. м.
215 _a318, [1] с., [4] л. цв. ил.
461 0 _1001rc\601610
_12001#$aСобрание сочинений$eВ 12 т.$e[Перевод]$fТеодор Драйзер$g[Под общ. ред. и со вступ. ст., с. 3-44, С. Иванько$gИл. П. Пинкисевича]$vТ. 10
_1700#1$3RU\NLR\AUTH\773596$8rus$7ca$aДрайзер$bТ.$f1871-1945$gТеодор
_99520565
_aДрайзер, Т. (1871-1945)
_cМ.
_d1986-
_fТеодор Драйзер
_nПравда
_oВ 12 т. : [Перевод]
_tСобрание сочинений
_vТ. 10
801 0 _aRU
_bNLR
_gpsbo
801 1 _aRU
_bELAR
_2rusmarc
852 _aNLR
_j86-3/605
942 _cBOOK
980 _aNB